<?xml version="1.0" encoding="UTF-8"?>
<record
    xmlns:xsi="http://www.w3.org/2001/XMLSchema-instance"
    xsi:schemaLocation="http://www.loc.gov/MARC21/slim http://www.loc.gov/standards/marcxml/schema/MARC21slim.xsd"
    xmlns="http://www.loc.gov/MARC21/slim">

  <leader>00720cam a2200205 a 4500</leader>
  <controlfield tag="001">13981149</controlfield>
  <controlfield tag="005">20171122103241.0</controlfield>
  <controlfield tag="008">050525s2002    tu       b    000 0 eng  </controlfield>
  <datafield tag="020" ind1=" " ind2=" ">
    <subfield code="a">9789699195099</subfield>
  </datafield>
  <datafield tag="040" ind1=" " ind2=" ">
    <subfield code="c">PK-LaUMT</subfield>
  </datafield>
  <datafield tag="082" ind1=" " ind2=" ">
    <subfield code="a">TRC 956.1024</subfield>
    <subfield code="b">BOZ-U</subfield>
  </datafield>
  <datafield tag="100" ind1="1" ind2=" ">
    <subfield code="a">Bozdag, Ismet</subfield>
  </datafield>
  <datafield tag="245" ind1="1" ind2="0">
    <subfield code="a">Universal dimensions of Atat&#xFC;rk /</subfield>
    <subfield code="c">&#x130;smet Bozda&#x11F; ; translated from the Turkish by Masud Akhtar Shaikh.</subfield>
  </datafield>
  <datafield tag="260" ind1=" " ind2=" ">
    <subfield code="a">Islamabad :</subfield>
    <subfield code="b">Masud Publishers,</subfield>
    <subfield code="c">2011</subfield>
  </datafield>
  <datafield tag="300" ind1=" " ind2=" ">
    <subfield code="a">182 p. ;</subfield>
    <subfield code="c">20 cm.</subfield>
  </datafield>
  <datafield tag="490" ind1="1" ind2=" ">
    <subfield code="a">Publications of the Republic of Turkey Ministry of Culture ;</subfield>
    <subfield code="v">2863.</subfield>
    <subfield code="a">Directorate of Publications.</subfield>
    <subfield code="a">Republic library series ;</subfield>
    <subfield code="v">24</subfield>
  </datafield>
  <datafield tag="500" ind1=" " ind2=" ">
    <subfield code="a">Translated from Turkish.</subfield>
  </datafield>
  <datafield tag="650" ind1=" " ind2="0">
    <subfield code="a">Kemalism.</subfield>
  </datafield>
  <datafield tag="942" ind1=" " ind2=" ">
    <subfield code="c">TRC</subfield>
  </datafield>
  <datafield tag="999" ind1=" " ind2=" ">
    <subfield code="c">100173</subfield>
    <subfield code="d">100173</subfield>
  </datafield>
  <datafield tag="952" ind1=" " ind2=" ">
    <subfield code="0">0</subfield>
    <subfield code="1">0</subfield>
    <subfield code="4">0</subfield>
    <subfield code="7">0</subfield>
    <subfield code="a">01</subfield>
    <subfield code="b">01</subfield>
    <subfield code="d">2017-11-22</subfield>
    <subfield code="l">1</subfield>
    <subfield code="o">TRC 956.1024 BOZ-U</subfield>
    <subfield code="p">116052</subfield>
    <subfield code="r">2018-03-24 00:00:00</subfield>
    <subfield code="s">2018-03-19</subfield>
    <subfield code="w">2017-11-22</subfield>
    <subfield code="y">TRC</subfield>
  </datafield>
  <datafield tag="952" ind1=" " ind2=" ">
    <subfield code="0">0</subfield>
    <subfield code="1">0</subfield>
    <subfield code="4">0</subfield>
    <subfield code="7">0</subfield>
    <subfield code="a">01</subfield>
    <subfield code="b">01</subfield>
    <subfield code="d">2017-11-22</subfield>
    <subfield code="l">1</subfield>
    <subfield code="o">TRC 956.1024 BOZ-U</subfield>
    <subfield code="p">116053</subfield>
    <subfield code="r">2018-03-24 00:00:00</subfield>
    <subfield code="s">2018-03-19</subfield>
    <subfield code="t">C. 2</subfield>
    <subfield code="w">2017-11-22</subfield>
    <subfield code="y">TRC</subfield>
  </datafield>
</record>
